| 000 | 01291cam a2200301 a 4500 | ||
|---|---|---|---|
| 999 |
_c23974 _d23974 |
||
| 001 | 16394573 | ||
| 005 | 20170127124833.0 | ||
| 008 | 100811s2010 nyuaf b 001 0 eng | ||
| 010 | _a 2010034391 | ||
| 020 | _a9780773412910 | ||
| 020 | _a0773412913 | ||
| 035 | _a(OCoLC)ocn656850362 | ||
| 043 | _aa-ye--- | ||
| 050 | 0 | 0 | _aNA1490 .Y45F37 2010 |
| 100 | 1 | _aFarah, Caesar E. | |
| 245 | 1 | 4 |
_aThe Ottoman forts and castles of Yemen : _ba photographic and architectural analysis / _cCaesar E. Farah ; with a preface by G. Rex Smith. |
| 260 |
_aLewiston, N.Y. : _bEdwin Mellen Press, _cc2010. |
||
| 300 |
_aiii, 114 p., [38] p. of plates : _bill. (some col.) ; _c24 cm. |
||
| 504 | _aIncludes bibliographical references and index. | ||
| 650 | 0 |
_aFortifications _zYemen (Republic) |
|
| 650 | 0 |
_aCastles _zYemen (Republic) |
|
| 650 | 0 |
_aArchitecture, Ottoman _zYemen (Republic) |
|
| 942 |
_2lcc _cBOOKS |
||